000 00509nam a22001817a 4500
005 20251108165016.0
008 250721s1985 xx 000 0 ara d
082 1 4 _a535/أحم
100 1 _aعمار، أحمد شوقي
245 1 0 _aالضوء /
264 1 _aبيروت :
_bدار الراتب الجامعية،
_c1985.
300 _a104ص
490 0 _aسلسلة الفيزياء الهندسية ؛ 6
650 1 7 _aالضوء
650 1 7 _aالفيزياء
942 _2ddc
_cBK
999 _c19758
_d19758